000
00347nam a2200145Ia 4500
008
220216s9999 xx 000 0 und d
100
_a
George Benny
245
0
_a
Delayed action peroxide vulcanization of EPDM
260
_b
Rubber India
_c
2012
300
_a
66-68
650
_a
EPDM
650
_a
TEMPO
700
_a
Alex Rosamma
942
_c
JS
999
_c
56785
_d
56785